Famous... with a Bow Tie! Quiz Stats

 Plays Quiz Updated Nov 12, 2018

Challenge
Share
Tweet
Score 0/32 Timer 10:00
0 Plays Today
Row Famous... with a bow tie! % Correct
2Donald Duck
93.2%
3Pierce Brosnan as James Bond 007
90.2%
4Playboy Bunny
85.9%
3Colonel Sanders
83%
1Paul Reubens as Pee-wee Herman
80.7%
1Boo-Boo Bear
72.4%
3Krusty the Clown
70.4%
2Frank Sinatra
61.1%
3Chris Brown
54.4%
1Franklin D. Roosevelt
52%
4Richard Sanders as Les Nessman
49.1%
2Humphrey Bogart as Rick Blaine
46.3%
1Don Knotts as Barney Fife
45.8%
1Dagwood Bumstead
44.8%
1Matt Smith as The Eleventh Doctor
44.4%
2Stan Laurel
44.3%
Row Famous... with a bow tie! % Correct
3Jerry Lewis as the Nutty Professor
43.2%
1Orville Redenbacher
40.7%
4Groucho Marx
38.5%
3Huckleberry Hound
36.4%
2André 3000
35.7%
3David Suchet as Hercule Poirot
29.7%
2Snagglepuss
29.6%
2David McCallum as Dr. Donald 'Ducky' Mallard
25%
1Mr. Peabody
24.4%
4C. Everett Koop
20.8%
4Gene Shalit
15.8%
4Louis Farrakhan
12.2%
2Senator Paul Simon
9.3%
4Jimmy Olsen
9.1%
4Charles Osgood
5.2%
3Michael Potts as Brother Mouzone
2.4%

You're not logged in!

Compare scores with friends on all Sporcle quizzes.
OR
Log In

You Might Also Like...

Show Comments

Extras

Top Quizzes Today


Score Distribution

Your Account Isn't Verified!

In order to create a playlist on Sporcle, you need to verify the email address you used during registration. Go to your Sporcle Settings to finish the process.

Report this User

Report this user for behavior that violates our Community Guidelines.

Details: